The history of human rights : from ancient times to the globalization era (Record no. 1360)

000 -LEADER
fixed length control field 00599nam a22001817a 4500
003 - CONTROL NUMBER IDENTIFIER
control field OSt
005 - DATE AND TIME OF LATEST TRANSACTION
control field 20140902115358.0
008 - FIXED-LENGTH DATA ELEMENTS--GENERAL INFORMATION
fixed length control field 140902b xxu||||| |||| 00| 0 eng d
020 ## - INTERNATIONAL STANDARD BOOK NUMBER
International Standard Book Number 0520234960
050 ## - LIBRARY OF CONGRESS CALL NUMBER
Classification number JC571 .I73 2004
100 ## - MAIN ENTRY--PERSONAL NAME
Personal name Ishay, Micheline.
245 ## - TITLE STATEMENT
Title The history of human rights : from ancient times to the globalization era
Statement of responsibility, etc Micheline R. Ishay.
260 ## - PUBLICATION, DISTRIBUTION, ETC. (IMPRINT)
Place of publication, distribution, etc Berkeley
Name of publisher, distributor, etc University of California Press
Date of publication, distribution, etc 2004
300 ## - PHYSICAL DESCRIPTION
Extent ix, 450 p.
Other physical details ill.
Dimensions 24 cm.
504 ## - BIBLIOGRAPHY, ETC. NOTE
Bibliography, etc Includes bibliographical references (p. 405-430) and index.
650 ## - SUBJECT ADDED ENTRY--TOPICAL TERM
Topical term or geographic name as entry element Human rights--History.
942 ## - ADDED ENTRY ELEMENTS (KOHA)
Source of classification or shelving scheme
Koha item type Book
Holdings
Withdrawn status Lost status Source of classification or shelving scheme Damaged status Not for loan Home library Current library Date acquired Total Checkouts Total Renewals Full call number Barcode Date last seen Date checked out Copy number Price effective from Koha item type Checked out
          Riara University Library Riara University Library 02/09/2014 3 1 JC571 .I73 2004 4891/14 04/02/2025 16/01/2025 C.1 02/09/2014 Book  
          Riara University Library Riara University Library 02/09/2014 1   JC571 .I73 2004 4892/14 15/02/2019 30/01/2019 C.2 02/09/2014 Book  
          Riara University Library Riara University Library 02/09/2014 1   JC571 .I73 2004 4893/14 08/01/2026 08/01/2026 C.3 02/09/2014 Book 24/01/2026

Riara University Library,
P.O. Box 49940-00100,
Nairobi, Kenya.